000 00556nam a2200193Ia 4500
005 20250508154118.0
008 008 250505s9999 xx 000 0 eng d
037 _aTheses
040 _aFEDL
_beng
_cFEDL
041 _aeng
_2eng
084 _a379.5482, SAR/TH
_qFEDL
100 _aSargurudoss M
_9765074
245 0 _aEducational policy in the Madras presidency (1800-1900 A. D.)
260 _c1961
300 _a378p.
546 _aPh. D. Thesis (Madras University)
942 _cTH
_h379.5482, SAR/TH
999 _c1347718
_d1347718